Sports Quiz

Random Sports or NBA Quiz

Les plus gros scoreurs n'ayant pas gagné le titre NBA Quiz Stats

 Plays Quiz not verified by Sporcle

Score 0/35 Timer 08:00
2 Plays Today
Rang Joueur % Correct
2Karl Malone
97.3%
26Charles Barkley
75.3%
25Allen Iverson
68.1%
40James Harden
68.1%
47John Stockton
67.1%
23Patrick Ewing
64.9%
44Russell Westbrook
64.9%
19Vince Carter
64%
17Carmelo Anthony
63.3%
71Tracy McGrady
56.6%
21Reggie Miller
52.2%
65Chris Paul
49%
13Dominique Wilkins
39.9%
43Joe Johnson
39.5%
56Eddie Johnson
39.4%
66Dwight Howard
36.3%
30Elgin Baylor
34%
51Walter Davis
33.3%
Rang Joueur % Correct
41George Gervin
21.8%
49LaMarcus Aldridge
20.2%
20Alex English
19.5%
48Bernard King
17.3%
50Clifford Robinson
16.8%
28Adrian Dantley
13%
54Jamal Crawford
12.3%
67Zach Randolph
10.6%
46Antawn Jamison
9%
59Dale Ellis
6.9%
45Tom Chambers
5.3%
36Walt Bellamy
5%
55Bob Lanier
4.2%
53Terry Cummings
3.3%
74Dave Bing
2.9%
76Calvin Murphy
2.3%
58Reggie Theus
1.8%
Remove Ads.
Support Sporcle.
Get the best of Sporcle when you Go Orange. This ad-free experience offers more features, more stats, and more fun while also helping to support Sporcle. Thank you for becoming a member.

You're not logged in!

Compare scores with friends on all Sporcle quizzes.
OR
Log In

Sporcle TV

Today on Sporcle TV


Watch our educational content, quiz creation guides, and fun videos on Sporcle TV.

Show Comments

Extras

Created May 28, 2020ReportNominate
Tags:NBA Quiz, les, pas, plu, point, Scorer

Top Quizzes Today


Score Distribution

Paid Content

Your Account Isn't Verified!

In order to create a playlist on Sporcle, you need to verify the email address you used during registration. Go to your Sporcle Settings to finish the process.

Report this User

Report this user for behavior that violates our Community Guidelines.

Details: